000 00442nam a2200181Ia 4500
001 4593
005 20260306145807.0
008 260306t1982||||xx |||||||||||||| ||spa||
041 _aESP
082 _a327.1
_bY56
100 _aYdígoras, Carlos María
_eAUT
245 0 _aAmérica contra América:
_bel hermano yanki
260 _c1982
300 _a401 páginas :
_c22 cm.
650 _aGEN
654 _aCHU
942 _cLIB
_dJUS
_fJUS
_2ddc
_n
999 _c4593
_d4593